Política y bloques de poder: crisis en el sistema mundial
Αποθηκεύτηκε σε:
| Κύριος συγγραφέας: | |
|---|---|
| Μορφή: | Κείμενο |
| Έκδοση: |
México, D.F.:
Siglo XXI
|
| Έκδοση: | 6 |
| Ετικέτες: |
Προσθήκη ετικέτας
Δεν υπάρχουν, Καταχωρήστε ετικέτα πρώτοι!
|
MARC
| LEADER | 00000 a a2200000 04500 | ||
|---|---|---|---|
| 001 | 22892 | ||
| 003 | |||
| 040 | |a CRAI/IIS |c CRAI/IIS | ||
| 020 | |a 968-23-0435-0 | ||
| 090 | |a 157400 | ||
| 100 | |a Silva Michelena, Jose Agustín | ||
| 245 | |a Política y bloques de poder: crisis en el sistema mundial | ||
| 250 | |a 6 | ||
| 260 | |a México, D.F.: |b Siglo XXI | ||
| 300 | |a 291 p. | ||
| 999 | |c 4230 |d 4230 | ||



